000
00254 a2200121 4500
001
61550
082
_a
005.2 HOR
090
_c
37080
_d
37080
100
_a
Horton Ivor
245
_a
Beginning Java 2 JDK
250
_a
1.3
260
_b
Shroff Publishers
942
_a
CAE NUST
_k
005.2 HOR
999
_c
296623
_d
296623